000 00434 a2200157 4500
003 Nust
005 20170207171856.0
040 _cNust
082 _a005.1
100 _aNiazi, Maj Imran Khan BESE-18
245 _aVehicle Management System (Hard / Soft-copy)
_cMaj Imran Khan Niazi, Maj Mohsin Riaz, Maj Uzair Nawaz Khan
260 _aMCS, NUST
_bRawalpindi
_cJune 2016
300 _a90 p
650 _aUG Projects
651 _aUG CSE Project
942 _cPRG
999 _c219391
_d219391